Name 251 Pokemon - Statistics

General Stats
  • This quiz has been taken 1,261 times
  • The average score is 172 of 251
Answer Stats
Hint Answer % Correct
4 Charmander
96%
1 Bulbasaur
94%
6 Charizard
94%
151 Mew
94%
25 Pikachu
94%
2 Ivysaur
93%
150 Mewtwo
93%
7 Squirtle
93%
9 Blastoise
92%
5 Charmeleon
92%
12 Butterfree
91%
3 Venusaur
91%
10 Caterpie
90%
11 Metapod
90%
8 Wartortle
90%
15 Beedrill
89%
26 Raichu
89%
14 Kakuna
88%
13 Weedle
88%
145 Zapdos
87%
146 Moltres
86%
16 Pidgey
86%
144 Articuno
85%
18 Pidgeot
85%
17 Pidgeotto
85%
23 Ekans
84%
94 Gengar
84%
21 Spearow
84%
149 Dragonite
83%
133 Eevee
83%
22 Fearow
83%
92 Gastly
83%
93 Haunter
83%
95 Onix
83%
19 Rattata
83%
63 Abra
82%
65 Alakazam
82%
24 Arbok
82%
148 Dragonair
82%
147 Dratini
82%
136 Flareon
82%
64 Kadabra
82%
20 Raticate
82%
152 Chikorita
81%
74 Geodude
81%
135 Jolteon
81%
129 Magikarp
81%
158 Totodile
81%
44 Gloom
80%
76 Golem
80%
75 Graveler
80%
34 Nidoking
80%
31 Nidoqueen
80%
29 | 32 Nidoran
80%
43 Oddish
80%
134 Vaporeon
80%
37 Vulpix
80%
155 Cyndaquil
79%
42 Golbat
79%
250 Ho-oh
79%
39 Jigglypuff
79%
68 Machamp
79%
67 Machoke
79%
66 Machop
79%
30 Nidorina
79%
33 Nidorino
79%
38 Ninetales
79%
41 Zubat
79%
59 Arcanine
78%
35 Clefairy
78%
130 Gyarados
78%
249 Lugia
78%
153 Bayleef
77%
36 Clefable
77%
58 Growlithe
77%
106 Hitmonlee
77%
126 Magmar
77%
45 Vileplume
77%
69 Bellsprout
76%
125 Electabuzz
76%
107 Hitmonchan
76%
154 Meganium
76%
156 Quilava
76%
143 Snorlax
76%
157 Typhlosion
76%
100 Voltorb
76%
40 Wigglytuff
76%
244 Entei
75%
124 Jynx
75%
140 Kabuto
75%
141 Kabutops
75%
52 Meowth
75%
127 Pinsir
75%
28 Sandslash
75%
123 Scyther
75%
70 Weepinbell
75%
50 Diglett
74%
51 Dugtrio
74%
101 Electrode
74%
109 Koffing
74%
53 Persian
74%
172 Pichu
74%
27 Sandshrew
74%
245 Suicune
74%
128 Tauros
74%
197 Umbreon
74%
110 Weezing
74%
159 Croconaw
73%
89 Muk
73%
139 Omastar
73%
121 Starmie
73%
120 Staryu
73%
208 Steelix
73%
71 Victreebel
73%
81 Magnemite
72%
60 Poliwag
72%
54 Psyduck
72%
243 Raikou
72%
117 Seadra
72%
142 Aerodactyl
71%
113 Chansey
71%
239 Elekid
71%
196 Espeon
71%
160 Feraligatr
71%
163 HootHoot
71%
115 Kangaskhan
71%
131 Lapras
71%
240 Magby
71%
82 Magneton
71%
164 Noctowl
71%
138 Omanyte
71%
61 Poliwhirl
71%
62 Poliwrath
71%
77 Ponyta
71%
78 Rapidash
71%
119 Seaking
71%
251 Celebi
70%
118 Goldeen
70%
55 Golduck
70%
88 Grimer
70%
116 Horsea
70%
56 Mankey
70%
169 Crobat
69%
122 Mr. Mime
69%
137 Porygon
69%
57 Primeape
69%
248 Tyranitar
69%
49 Venomoth
69%
48 Venonat
69%
246 Larvitar
68%
46 Paras
68%
86 Seel
68%
80 Slowbro
68%
79 Slowpoke
68%
87 Dewgong
67%
237 Hitmontop
67%
97 Hypno
67%
47 Parasect
67%
247 Pupitar
67%
112 Rhydon
67%
111 Rhyhorn
67%
132 Ditto
66%
84 Doduo
66%
96 Drowzee
66%
161 Sentret
66%
85 Dodrio
65%
99 Kingler
65%
98 Krabby
65%
114 Tangela
65%
104 Cubone
64%
103 Exeggutor
64%
83 Farfetchd
64%
162 Furret
64%
72 Tentacool
64%
73 Tentacruel
64%
91 Cloyster
63%
102 Exeggcute
63%
174 Igglybuff
63%
230 Kingdra
63%
105 Marowak
63%
199 Slowking
63%
173 Cleffa
62%
90 Shellder
62%
167 Spinarak
62%
168 Ariados
61%
212 Scizor
61%
175 Togepi
61%
238 Smoochum
60%
108 Lickitung
59%
179 Mareep
59%
236 Tyrogue
59%
214 Heracross
58%
186 Politoed
58%
176 Togetic
58%
181 Ampharos
57%
242 Blissey
57%
166 Ledian
56%
165 Ledyba
56%
233 Porygon2
56%
229 Houndoom
55%
241 Miltank
55%
182 Bellossom
54%
228 Houndour
54%
200 Misdreavus
53%
177 Natu
53%
178 Xatu
52%
180 Flaaffy
51%
192 Sunflora
50%
198 Murkrow
49%
185 Sudowoodo
49%
232 Donphan
48%
187 Hoppip
48%
231 Phanpy
48%
191 Sunkern
48%
216 Teddiursa
48%
201 Unown
48%
217 Ursaring
48%
221 Piloswine
47%
204 Pineco
47%
218 Slugma
47%
220 Swinub
47%
227 Skarmory
46%
170 Chinchou
45%
189 Jumpluff
45%
215 Sneasel
45%
234 Stantler
45%
225 Delibird
44%
205 Forretress
44%
171 Lanturn
44%
223 Remoraid
44%
219 Magcargo
43%
226 Mantine
43%
183 Marill
43%
188 Skiploom
43%
184 Azumarill
42%
222 Corsola
42%
206 Dunsparce
42%
210 Granbull
42%
224 Octillery
42%
195 Quagsire
42%
194 Wooper
42%
190 Aipom
41%
203 Girafarig
40%
235 Smeargle
40%
209 Snubbull
40%
202 Wobbuffet
39%
193 Yanma
39%
213 Shuckle
37%
207 Gligar
36%
211 Qwilfish
34%
No matching quizzes found
Score Distribution
Percent of People with Each Score
Percentile by Number Answered
Your Score History
You have not taken this quiz